Statistics for countries from z-a

Click here to take the quiz!

General Stats

  • This quiz has been taken 3 times
  • The average score is 117 of 195

Answers on the Map

Answers color-coded by a green-red scale on the quiz's map according to % correct below.
 

Answer Stats

Answer% Correct
philippines
100%
poland
100%
portugal
100%
qatar
100%
republic of the congo
100%
romania
100%
russia
100%
rwanda
100%
saint lucia
100%
saint vincent and the grenadines
100%
samoa
100%
san marino
100%
sao tome and principe
100%
saudi arabia
100%
senegal
100%
serbia
100%
seychelles
100%
sierra leone
100%
singapore
100%
slovakia
100%
slovenia
100%
solomon islands
100%
somalia
100%
south africa
100%
south korea
100%
south sudan
100%
spain
100%
sri lanka
100%
st kitts and nevis
100%
sudan
100%
suriname
100%
sweden
100%
switzerland
100%
syria
100%
taiwan
100%
tajikistan
100%
tanzania
100%
thailand
100%
timor leste
100%
togo
100%
tonga
100%
trinidad and tobago
100%
tunisia
100%
turkey
100%
turkmenistan
100%
tuvalu
100%
uganda
100%
ukraine
100%
united arab emirates
100%
united kingdom
100%
united states
100%
uruguay
100%
uzbekistan
100%
vanuatu
100%
vatican city
100%
venezuela
100%
vietnam
100%
yemen
100%
zambia
100%
zimbabwe
100%
libya
67%
liechtenstein
67%
lithuania
67%
luxembourg
67%
madagascar
67%
malawi
67%
malaysia
67%
maldives
67%
mali
67%
malta
67%
marshall islands
67%
mexico
67%
micronesia
67%
moldova
67%
monaco
67%
mongolia
67%
montenegro
67%
morocco
67%
mozambique
67%
myanmar
67%
namibia
67%
nauru
67%
nepal
67%
netherlands
67%
new zealand
67%
nicaragua
67%
niger
67%
nigeria
67%
north korea
67%
north macedonia
67%
norway
67%
oman
67%
pakistan
67%
palau
67%
panama
67%
papua new guinea
67%
paraguay
67%
peru
67%
afghanistan
33%
albania
33%
algeria
33%
andorra
33%
antigua and barbuda
33%
argentina
33%
armenia
33%
australia
33%
austria
33%
azerbaijan
33%
bahamas
33%
bahrain
33%
bangladesh
33%
barbados
33%
belarus
33%
belgium
33%
belize
33%
benin
33%
bhutan
33%
bolivia
33%
bosnia and herzegovina
33%
botswana
33%
brazil
33%
brunei
33%
bulgaria
33%
burkina faso
33%
burundi
33%
cabo verde
33%
cambodia
33%
cameroon
33%
canada
33%
central african republic
33%
chad
33%
chile
33%
china
33%
colombia
33%
comoros
33%
costa rica
33%
cote d'ivoire
33%
croatia
33%
cuba
33%
cyprus
33%
czechia
33%
democratic republic of the congo
33%
denmark
33%
djibouti
33%
dominica
33%
dominican republic
33%
ecuador
33%
egypt
33%
el salvador
33%
equatorial guinea
33%
eritrea
33%
estonia
33%
eswatini
33%
ethiopia
33%
fiji
33%
finland
33%
france
33%
gabon
33%
gambia
33%
georgia
33%
germany
33%
ghana
33%
greece
33%
grenada
33%
guatemala
33%
guinea
33%
guinea bissau
33%
guyana
33%
haiti
33%
honduras
33%
hungary
33%
iceland
33%
india
33%
indonesia
33%
iran
33%
iraq
33%
ireland
33%
israel
33%
italy
33%
jamaica
33%
japan
33%
jordan
33%
kazakhstan
33%
kiribati
33%
kosovo
33%
kuwait
33%
kyrgyzstan
33%
laos
33%
latvia
33%
lebanon
33%
lesotho
33%
liberia
33%
mauritania
33%
mauritius
33%
angola
0%

Score Distribution

Percentile by Number Answered

Percent of People with Each Score

Your Score History

You have not taken this quiz